000
00302nam a22001337a 4500
003
OSt
005
20220124103443.0
008
220124b |||||||| |||| 00| 0 eng d
040
_c
HU
082
_2
2ed
_a
620.11
100
_a
Mubeen & Mubeen
_9
28420
245
_a
Material Science
942
_2
ddc
_c
BOOKS
_n
0
999
_c
27597
_d
27597